000
00302 a2200133 4500
003
Nust
005
20170207154030.0
040
_c
Nust
100
_a
E-Book
245
_a
Asian Economic Insight (E-Book)
_b
Vol. 143: In this week’s issue
_c
E-Book
260
_b
HSBC
_c
2003
300
_a
13.p
651
_a
E-Book
942
_2
ddc
_c
BK
999
_c
192123
_d
192123